000 00550nam a2200181Ia 4500
003 IN-BaIIA
008 211028s9999 xx 000 0 eng d
020 _a0-471-14302-2
040 _cIIA Library
080 _a535.5
_bBRO
100 _aBrosseau, C.
_925438
245 0 _aFundamentals of polarized light
_ba statistical optics approach
_cC. Brosseau
260 _aNew York
_bJohn Wiley & Sons
_c1998
300 _axiv, 405p.
650 _aLight
_92428
650 _aPolarization
_95652
942 _cBK
999 _c15575
_d15575